Statistics for ICT

Click here to take the quiz!

General Stats

  • This quiz has been taken 6 times
  • The average score is 8 of 15

Answer Stats

QuestionAnswer% Correct
What should a strong password contain?Punctuation, Capital Letters, Lowercase Letters and Spaces
100%
ICT stands forInformation and Communication Technology
83%
What does internet security do to help your computer?It clears all the viruses and trojans from your system.
83%
What is an embedded system?A Micro Processor
67%
Which is not used to input data into a computer?Printer
67%
Who created Apple and died October 5th 2011?Steve Jobs
67%
What does "www" stand for?World Wide Web
67%
Which of these is an item of hardware to do with computers?A Monitor
50%
What does DVD stand for?Digital Versatile Disc
50%
Which is not a good reason to use computers?They make people unemployed
50%
Which is not used for general data storage?CPU
33%
What is the other name for Spreadsheet?Edxel
33%
Why are you recommended to back up your files?If your computer goes wrong you have a backup?
33%
General purpose computers can perform many tasksbecause they can be programmed in different ways
17%
How many characters should a strong password be?16
0%

Score Distribution

Percentile by Number Answered

Percent of People with Each Score

Your Score History

You have not taken this quiz